ŠK Slovan Hostie história klubu

Bibliographic Details
Main Author: Ondrejka, Dušan, ml (Author)
Format: Book
Language:Slovak
Published: [Hostie] [Dušan Ondrejka ml.] 2019
Subjects:

MARC

LEADER 00000nam a2200000 4500
001 vtls011881537
003 SK-MaSNL
005 20260301051640.0
008 210701s2019 xo ao gr 000 0dslo
015 |a SNBA2020/11 
020 |a 9788057009900  |q (brožované) 
035 |a urn:nbn:sk:snk-am00feas 
035 |a urn:nbn:sk:snk-am3iqq9 
035 |a C3C97F7C-56EE-49F0-9B7F-AB1D79485B43 
040 |a SNK  |b slo  |c SNK  |e rda 
041 0 |a slo 
043 |a e-xo--- 
044 |a xo  |c SK 
072 7 |a 796  |x Šport. Hry. Telesné cvičenia  |2 konspekt 
080 |a 796.332:061  |2 2001 
080 |a 796/799:061  |2 2011 
080 |a (437.6)  |2 2011 
080 |a (048.8)  |2 2011 
100 1 |a Ondrejka, Dušan,  |c ml.  |4 aut  |9 359231 
245 1 0 |a ŠK Slovan Hostie  |b história klubu  |c Dušan Ondrejka ml. 
264 1 |a [Hostie]  |b [Dušan Ondrejka ml.]  |c 2019 
300 |a 190 strán  |b fotografie, tabuľky 
336 |a text  |b txt  |2 rdacontent 
336 |a statický obraz  |b sti  |2 rdacontent 
337 |a bez média  |b n  |2 rdamedia 
338 |a zväzok  |b nc  |2 rdacarrier 
500 |a Vydavateľské údaje podľa NA ISBN 
610 2 7 |a ŠK Slovan Hostie (Slovensko : futbalový klub)  |2 SNKKA  |9 359232 
650 0 7 |a futbalové kluby  |2 SNKPH  |9 70395 
650 0 7 |a športové organizácie  |2 SNKPH  |9 1049 
650 0 7 |a Soccer clubs  |2 SNKPHeng  |9 313583 
650 0 7 |a Sport organizations  |2 SNKPHeng  |9 359233 
655 7 |a monografie  |2 SNKPH  |9 70139 
655 7 |a Monographs  |2 SNKPHeng  |9 120675 
919 |a 978-80-570-0990-0 
958 |a OND 
999 |c 603921  |d 605851 
952 |a SNK  |b SNK  |y PREZ  |7 0  |p 17A1375953  |o snkSB 94432  |i snk2019/20813  |8 0  |0 0  |1 0  |4 0  |d 2019-08-14  |f 1  |l 0  |r 2025-05-14 00:00:00  |w 2026-02-23 
952 |a SNK  |b SNK  |y VYP  |7 0  |p 17A1375954  |o snkSB 94432 D1  |i snk2019/20814  |8 0  |z Exemplár má poškodený obal  |0 0  |1 0  |4 0  |d 2019-08-14  |l 0  |r 2026-02-23 16:02:07  |w 2026-02-23